Представление документа в формате RUSMARC

ПолеНазваниеЗначение
  Тип записи a
  Библиографический уровень a
001 Контрольный номер RU/УОНБ/EK_Kray/318433947
005 Дата корректировки 20220418173702.8
100 Данные общей обработки __
a Данные общей обработки 20100202d2010 ||| 0rusy0189 ca
101 Язык документа 0_
a Язык текста rus
102 Страна публикации __
a Страна публикации RU
105 Кодированные данные (монография) __
a Кодированные данные (монография) y###||||000|y
200 Заглавие и сведения об ответственности 1_
a Заглавие "Есть ощущения сердца"
e Сведения, относящиеся к заглавию беседа с актером Ульяновского областного драматического театра Борисом Александровым
f Первые сведения об ответственности Борис Александров
g Последующие сведения об ответственности записала Тамара Еперина
215 Физическое описание __
c Иллюстрации/тип воспроизводства 1 портр
461 Уровень набора _0
1 2000
a Симбирский курьер
1 011
463 Уровень физической единицы _0
1 001RU/УОНБ/EK_Kray/318431723
1 2000
a 30 янв
v С. 13
1 210
d 2010
600 Персоналии _1
a Персоналии (Фамилия) Александров, Борис Владимирович
601 Наименование организации как предмет 02
a Наименование организации как предмет Ульяновский областной драматический театр имени И.А. Гончарова
610 Ключевые слова 0_
a Ключевые слова актеры
686 Индексы других классификаций __
a Классификационный индекс 85.334.1
2 Код системы rubbk
700 Автор _1
a Фамилия Александров
b Имя (инициалы) Б.
g Полное личное имя Борис
4 Код отношения 070
702 Вторичная интеллектуальная ответственность _1
a Фамилия Еперина
b Имя (инициалы) Т.
g Полное личное имя Тамара
4 Код отношения 470
801 Источник записи _0
a Страна RU
b Организация Ульяновская ОНБ
c Дата составления 20100202
g Правила каталогизации RCR
801 Источник записи _1
a Страна RU
b Организация IS
c Дата составления 20100202
g Правила каталогизации RCR
901 Тип документа __
t Тип документа f
w Контрольный № источника RU/УОНБ/EK_Kray/318431723
938 Служебная информация __
a Имя БД kraeved_work
b Имя библиотеки УОНБ
c Имя АИБС МАРК-SQL
d Номер DOC_ID в БД 2919